Zgadnij loga #1 - Statystyki

Ogólne statystyki
  • Ten quiz został rozwiązany 373 razy
  • Średni wynik to 26 z 30
Statystyki odpowiedzi
Obrazkowy Odpowiedź % Poprawnych
Google
100%
Amazon
99%
Mcdonalds
96%
Pepsi
95%
KFC
94%
Lego
94%
Coca cola
93%
Lays
93%
Audi
92%
Biedronka
92%
Samsung
92%
T-Mobile
92%
Apple
91%
BMW
91%
Nike
91%
Adidas
90%
Red bull
89%
Snickers
89%
Facebook
88%
Ford
88%
Barbie
87%
Puma
86%
Starbucks
86%
Volkswagen
84%
Pringles
83%
Jetpunk
82%
ING
81%
Intel
74%
Algida
67%
IBm
29%
Nie znaleziono quizów pasujących do podanych kryteriów
Rozkład punktacji
Procent ludzi z każdym wynikiem
Percentyl według liczby udzielonych odpowiedzi
Twoja historia wyników
Nie rozwiązałeś tego quizu